000
00428nam a2200133Ia 4500
008
100328s9999 xx 000 0 und d
082
_b
55866
100
_a
नायक बळवंत
245
_a
चंदनाची काया माझी
260
_b
ज्ञानेश
630
_a
चंदनाची काया माझी
730
_a
चंदनाची काया माझी
942
_c
BOOK
999
_c
542482
_d
542479